• 首页
  • 本馆介绍
  • 公告通知
  • 最新文献
  • 馆藏检索
  • 电子资源
  • 读者导购
  • 参考咨询
  • 我的图书馆
  • 登录
  • 详细信息显示
  • 放入我的书架
  • 预约/预借图书
  • 作者相关作品
  • 分类相关作品
  • 丛书相关作品
  • 出版社相关作品

书目信息

  • 表格格式
  • 工作单格式
  • 卡片格式
题名:
思想和运动
    
 
作者: 亨利·柏格森 著
分册:  
出版信息: 北京   北京时代华文书局  2018.2
页数: 312页
开本: 21cm
丛书名:
单 册:
中图分类: B565.51
科图分类:
主题词: 柏格森(Bergson, Henri 1859--1941)--哲学思想--研究
电子资源:
ISBN: 978-7-5699-2191-5
000 01018nam0 2200229 45
001 012001003805
005 20140926114741.0
010    @a978-7-5699-2191-5@dCNY50.00
100    @a20180118d2018 em y0chiy0110 ea
101 0  @achi
102    @aCN@b110000
105    @ay z 000yy
106    @ar
200 1  @a思想和运动@9si xiang he yun dong@f(法)亨利·柏格森著
210    @a北京@c北京时代华文书局@d2018.2
215    @a312页@d21cm
330    @a该书作者为法国哲学家亨利·柏格森(1859—1941),他倡导的生命哲学是对现代科学主义文化思潮的反拨。他提倡直觉,贬低理性,认为科学和理性只能把握相对的运动和实在的表皮,不能把握的运动和实在本身,只有通过直觉才能体验和把握到生命存在的“绵延”,那唯一真正本体性的存在。《思想与运动》一书其实是一本集子,收录的是柏格森从1903到1923年间的一些文章和演讲报告。
606 0  @a柏格森(Bergson, Henri 1859@x1941)@x哲学思想@x研究
690    @aB565.51@v5
701  0 @c(法)@a亨利·柏格森@9heng li · bai ge sen@4著
801  0 @aCN@b上海新华@c20180901
905    @b1163586-90@dB565.51@e90@f5
    
    思想和运动/(法)亨利·柏格森著.-北京:北京时代华文书局,2018.2
    312页;21cm
    
    
    ISBN 978-7-5699-2191-5:CNY50.00
    该书作者为法国哲学家亨利·柏格森(1859—1941),他倡导的生命哲学是对现代科学主义文化思潮的反拨。他提倡直觉,贬低理性,认为科学和理性只能把握相对的运动和实在的表皮,不能把握的运动和实在本身,只有通过直觉才能体验和把握到生命存在的“绵延”,那唯一真正本体性的存在。《思想与运动》一书其实是一本集子,收录的是柏格森从1903到1923年间的一些文章和演讲报告。
●
相关链接 在E读中查询图书 在五车中查询图书 在当当中查询图书 在豆瓣中查询图书


正题名:思想和运动     索取号:B565.51/90         预约/预借

序号 登录号 条形码 馆藏地/架位号 状态 备注
1 1163586   211635863   第一样本阅览室/ [索取号:B565.51/90] 在馆    
2 1163587   211635872   第一借阅区/ [索取号:B565.51/90] 在馆    
3 1163588   211635881   第一借阅区/ [索取号:B565.51/90] 在馆    
4 1163589   211635890   第一借阅区/ [索取号:B565.51/90] 在馆    
5 1163590   211635907   第一借阅区/ [索取号:B565.51/90] 在馆    
唐山师范学院图书馆 欢迎您!
大连网信软件有限公司© 版权所有